<?xml version="1.0" encoding="UTF-8"?>
<record
    xmlns:xsi="http://www.w3.org/2001/XMLSchema-instance"
    xsi:schemaLocation="http://www.loc.gov/MARC21/slim http://www.loc.gov/standards/marcxml/schema/MARC21slim.xsd"
    xmlns="http://www.loc.gov/MARC21/slim">

  <leader>     nam a22     7a 4500</leader>
  <datafield tag="999" ind1=" " ind2=" ">
    <subfield code="c">7149</subfield>
    <subfield code="d">7149</subfield>
  </datafield>
  <controlfield tag="003">OSt</controlfield>
  <controlfield tag="005">20180702171740.0</controlfield>
  <controlfield tag="008">180702s2017    spco   |     l0|0 0 cat|d</controlfield>
  <datafield tag="017" ind1=" " ind2=" ">
    <subfield code="a">DL B. 27527-2017</subfield>
    <subfield code="b">Biblioteca de Catalunya</subfield>
  </datafield>
  <datafield tag="020" ind1=" " ind2=" ">
    <subfield code="a">9788491560579</subfield>
  </datafield>
  <datafield tag="040" ind1=" " ind2=" ">
    <subfield code="a">ES-BaAHC</subfield>
    <subfield code="b">cat</subfield>
    <subfield code="c">CDMR</subfield>
  </datafield>
  <datafield tag="041" ind1="0" ind2=" ">
    <subfield code="a">cat</subfield>
  </datafield>
  <datafield tag="245" ind1="0" ind2="0">
    <subfield code="a">25 anys de Barcelona a La Veu del Carrer </subfield>
    <subfield code="b">: 1991-2016 /</subfield>
    <subfield code="c">textos originals: N&#xE9;stor Bogajo</subfield>
  </datafield>
  <datafield tag="246" ind1="3" ind2=" ">
    <subfield code="a">Vint-i-cinc anys de Barcelona a La Veu del Carrer </subfield>
  </datafield>
  <datafield tag="260" ind1=" " ind2=" ">
    <subfield code="a">Barcelona :</subfield>
    <subfield code="b">, Ajuntament de Barcelona :</subfield>
    <subfield code="b">Federaci&#xF3; d'Associacions de Ve&#xEF;ns i Ve&#xEF;nes de Barcelona (FAVB)</subfield>
    <subfield code="c">2017</subfield>
  </datafield>
  <datafield tag="300" ind1=" " ind2=" ">
    <subfield code="a">317 p. :</subfield>
    <subfield code="b">fotografies ;</subfield>
    <subfield code="c">26 cm</subfield>
  </datafield>
  <datafield tag="630" ind1="0" ind2="4">
    <subfield code="a">Veu del carrer, La (Revista)</subfield>
    <subfield code="x">Hist&#xF2;ria</subfield>
  </datafield>
  <datafield tag="650" ind1="0" ind2="4">
    <subfield code="a">Associacions de ve&#xEF;ns</subfield>
    <subfield code="x">Revistes</subfield>
  </datafield>
  <datafield tag="651" ind1=" " ind2="4">
    <subfield code="a">Barcelona (Catalunya)</subfield>
    <subfield code="x">Barris</subfield>
    <subfield code="x">Revistes</subfield>
  </datafield>
  <datafield tag="700" ind1="1" ind2=" ">
    <subfield code="a">Bogajo, N&#xE9;stor,</subfield>
    <subfield code="e">autor</subfield>
  </datafield>
  <datafield tag="710" ind1="2" ind2=" ">
    <subfield code="a">Federaci&#xF3; d'Associacions de Ve&#xEF;ns i Ve&#xEF;nes de Barcelona</subfield>
    <subfield code="e">entitat editora</subfield>
    <subfield code="9">3235</subfield>
  </datafield>
  <datafield tag="942" ind1=" " ind2=" ">
    <subfield code="c">MON</subfield>
  </datafield>
  <datafield tag="952" ind1=" " ind2=" ">
    <subfield code="0">0</subfield>
    <subfield code="1">0</subfield>
    <subfield code="4">0</subfield>
    <subfield code="7">0</subfield>
    <subfield code="a">CDMR</subfield>
    <subfield code="b">CDMR</subfield>
    <subfield code="d">2018-07-02</subfield>
    <subfield code="e">Donaci&#xF3;</subfield>
    <subfield code="g">20.00</subfield>
    <subfield code="l">2</subfield>
    <subfield code="m">1</subfield>
    <subfield code="o">Du 9/53</subfield>
    <subfield code="p">CDMR18071615</subfield>
    <subfield code="r">2018-09-07</subfield>
    <subfield code="s">2018-07-18</subfield>
    <subfield code="v">20.00</subfield>
    <subfield code="w">2018-07-02</subfield>
    <subfield code="y">MON</subfield>
  </datafield>
</record>
